Experiments for instrumental methods
Gorde:
| Egile Nagusiak: | , |
|---|---|
| Formatua: | Liburua |
| Hizkuntza: | ingelesa |
| Argitaratua: |
Nueva York
Mc Graw-Hill
1961
|
| Gaiak: | |
| Etiketak: |
Etiketa erantsi
Etiketarik gabe, Izan zaitez lehena erregistro honi etiketa jartzen!
|
MARC
| LEADER | 00000nam a2200000 a 4500 | ||
|---|---|---|---|
| 001 | UCL5522 | ||
| 003 | CL-VaPUC | ||
| 008 | 040312e19610000US |||||||||||||||||eng|d | ||
| 082 | 0 | 4 | |a 542 |b REI |2 21 |
| 100 | 0 | |a Reilley, Charles N |e author |9 483225 | |
| 700 | 0 | |a Sawyer, Donald T |e author |9 483226 | |
| 245 | 1 | 0 | |a Experiments for instrumental methods |
| 300 | |a 412 p | ||
| 942 | |c BK | ||
| 945 | |d 20040312 00:00:00 |a cmena | ||
| 260 | |a Nueva York |b Mc Graw-Hill |c 1961 | ||
| 650 | 0 | |a Análisis químico |9 344456 | |
| 650 | 0 | |a Instrumentos científicos |9 359809 | |
| 650 | 0 | |a Investigación científica |9 259857 | |
| 583 | |a last modification |c 20040312 00:00:00 |k Rodrigo Vera | ||
| 999 | |c 308047 |d 308045 | ||